| 000 | 00667nam a2200265Ia 4500 | ||
|---|---|---|---|
| 001 | 39156 | ||
| 005 | 20240114002041.0 | ||
| 007 | ta | ||
| 008 | 070813s1979 g b000 u 465 u | ||
| 040 | _aCottonCollege,Assam | ||
| 041 | _a465 | ||
| 082 |
_a531.1 _bLo 84 El |
||
| 100 | _aLoney, S. L.. | ||
| 245 | 0 |
_aAn Elementary Treatise on Statics / _cS. L.Loney. _hTextual Documents |
|
| 250 | _aIst ed / | ||
| 260 |
_aNew Delhi : _bKalyani Publishers , _c1979. |
||
| 300 |
_a393p ; _c22cm. |
||
| 653 | _aPhysics | ||
| 653 | _aG-Physics | ||
| 653 | _aT/G-Physics | ||
| 942 |
_2ddc _cBK |
||
| 999 |
_c39128 _d39128 |
||